[Event "EU-ch Seniors 50 18th"]
[Site "Drammen"]
[Date "2018.08.12"]
[Round "9"]
[White "Syvertsen, Rolf Erik"]
[Black "Sielicki, Tomasz"]
[Result "1/2-1/2"]
[WhiteElo "1884"]
[BlackElo "1956"]
[PlyCount "52"]
[EventDate "2018.08.04"]
[EventType "swiss"]
[EventRounds "9"]
[EventCountry "NOR"]
[SourceTitle "CBM 185 Extra"]
[Source "ChessBase"]
[SourceDate "2018.07.29"]
[SourceVersion "1"]
[SourceVersionDate "2018.07.29"]
[SourceQuality "1"]

1. d4 Nf6 2. Bf4 d6 3. e3 g6 4. Nf3 Bg7 5. h3 0-0 6. Be2 Nc6 7. 0-0 Nd7 8. c3 e5 9. dxe5 dxe5 10. Bh2 Qe7 11. Na3 Nb6 12. Qc2 Be6 13. Rfd1 Rfd8 14. Nd2 a6 15. Nac4 Nxc4 16. Nxc4 Rxd1+ 17. Rxd1 Rd8 18. b3 Rxd1+ 19. Qxd1 f6 20. Qd3 Qd7 21. Qxd7 Bxd7 22. Bf3 b5 23. Nd2 Bf8 24. Bd5+ Kg7 25. f4 Bd6 26. Ne4 Ne7 1/2-1/2

[Event "Tonsberg CC-ch"]
[Site "Tonsberg"]
[Date "2013.04.08"]
[Round "8"]
[White "Syvertsen, Rolf Erik"]
[Black "Johnsen, Oystein"]
[Result "1/2-1/2"]
[WhiteElo "1616"]
[BlackElo "1893"]
[PlyCount "113"]
[EventDate "2013.01.14"]
[EventType "swiss"]
[EventRounds "9"]
[EventCountry "NOR"]
[SourceTitle "EXT 2024"]
[Source "ChessBase"]
[SourceDate "2023.10.10"]
[SourceVersion "1"]
[SourceVersionDate "2023.10.10"]
[SourceQuality "1"]

1. d4 Nf6 2. c4 c5 3. d5 b5 4. cxb5 a6 5. bxa6 g6 6. Nc3 Bxa6 7. Nf3 d6 8. e4 Bxf1 9. Kxf1 Nfd7 10. g3 Bg7 11. Kg2 Nb6 12. Re1 N8d7 13. Bf4 Nc4 14. Qe2 Nde5 15. Nxe5 Nxe5 16. Bxe5 Bxe5 17. f4 Bg7 18. Qb5+ Qd7 19. e5 Qxb5 20. Nxb5 0-0 21. b3 Rfd8 22. Re2 dxe5 23. fxe5 Rab8 24. Nc3 f6 25. Rd1 fxe5 26. Ne4 Rbc8 27. Ng5 Bf6 28. Nf3 Rd6 29. Nxe5 Rcd8 30. Ng4 Rxd5 31. Rxd5 Rxd5 32. Nxf6+ exf6 33. a4 Kf7 34. Kf2 Rd3 35. Rb2 Ke7 36. Ke2 Rd7 37. Rd2 Rb7 38. Rd3 Ke6 39. Kd2 f5 40. Kc3 Rb4 41. a5 Rb5 42. a6 Ra5 43. Kc4 Rxa6 44. Kxc5 Ra2 45. h4 h6 46. b4 Rc2+ 47. Kb6 g5 48. hxg5 hxg5 49. b5 f4 50. gxf4 gxf4 51. Ka7 Ra2+ 52. Kb7 Ke5 53. b6 Ke4 54. Rd1 f3 55. Kc7 Rc2+ 56. Kd7 Rb2 57. Kc7 1/2-1/2

[Event "Sandefjord op"]
[Site "Sandefjord"]
[Date "2005.04.09"]
[Round "3"]
[White "Kristoffersen, Jan Oistein"]
[Black "Syvertsen, Rolf Erik"]
[Result "1/2-1/2"]
[WhiteElo "1349"]
[BlackElo "1594"]
[PlyCount "147"]
[EventDate "2005.04.09"]
[EventType "swiss"]
[EventRounds "5"]
[EventCountry "NOR"]
[SourceTitle "EXT 2008"]
[Source "ChessBase"]
[SourceDate "2007.11.25"]
[SourceVersion "1"]
[SourceVersionDate "2007.11.25"]
[SourceQuality "1"]

1. e4 c5 2. Ne2 Nc6 3. Nbc3 g6 4. g3 Bg7 5. Bg2 Nf6 6. d3 0-0 7. 0-0 d6 8. h3 e6 9. Be3 Rb8 10. a4 Bd7 11. Qd2 Nb4 12. d4 cxd4 13. Nxd4 a6 14. Rfc1 Qe7 15. Bh6 Bxh6 16. Qxh6 Rfc8 17. Nf3 Rc5 18. Qd2 Rbc8 19. Ne1 Bc6 20. Qd4 a5 21. Nd3 Nxd3 22. cxd3 e5 23. Qe3 Bd7 24. d4 exd4 25. Qxd4 Qe5 26. Rd1 Ne8 27. Nd5 Qxd4 28. Rxd4 Rc1+ 29. Rd1 Rxd1+ 30. Rxd1 Bxa4 31. Ra1 Rc4 32. Nb6 Rb4 33. Nxa4 b5 34. Nb6 Rxb2 35. Rxa5 Kg7 36. Bf1 Nc7 37. Nd5 Nxd5 38. exd5 b4 39. Ra6 Rb1 40. Rxd6 b3 41. Rb6 Rd1 42. Kg2 b2 43. Rxb2 Rxd5 44. Rb7 Rc5 45. Kf3 h5 46. Ke4 Rc2 47. f4 Rc1 48. Bd3 Rh1 49. h4 Rc1 50. Bb1 Rc3 51. Bd3 Rc1 52. Ke3 Rg1 53. Kf3 Rc1 54. Bb1 Rc3+ 55. Kg2 Ra3 56. Rc7 Rb3 57. Be4 Rb2+ 58. Kh3 Rd2 59. f5 gxf5 60. Bxf5 Rf2 61. Bc8 Rf6 62. Bb7 Rf2 63. g4 hxg4+ 64. Kxg4 Rb2 65. Bd5 Rf2 66. h5 Rf1 67. Rc2 Rf6 68. Kg5 Rd6 69. Bxf7 Kxf7 70. Rc7+ Kg8 71. h6 Rd5+ 72. Kf6 Rd6+ 73. Kg5 Rd5+ 74. Kf4 1/2-1/2

[Event "Tonsberg op"]
[Site "Tonsberg"]
[Date "2004.12.05"]
[Round "2"]
[White "Syvertsen, Rolf Erik"]
[Black "Eckhardt, Lars H"]
[Result "1-0"]
[WhiteElo "1618"]
[BlackElo "2011"]
[PlyCount "88"]
[EventDate "2004.11.07"]
[EventType "swiss"]
[EventRounds "5"]
[EventCountry "NOR"]
[SourceTitle "EXT 2008"]
[Source "ChessBase"]
[SourceDate "2007.11.25"]
[SourceVersion "1"]
[SourceVersionDate "2007.11.25"]
[SourceQuality "1"]

1. d4 Nf6 2. c4 d5 3. cxd5 Nxd5 4. e4 Nb6 5. Be3 g6 6. Nf3 Bg7 7. Nc3 0-0 8. Be2 Bg4 9. 0-0 Nc6 10. d5 Bxf3 11. Bxf3 Ne5 12. Be2 Nec4 13. Bf4 c6 14. Qb3 cxd5 15. exd5 Rc8 16. Rac1 Qd7 17. Rfd1 Qf5 18. Bg3 Nxb2 19. Qxb2 Na4 20. Qb4 Nxc3 21. Bg4 Qf6 22. Bxc8 Nxd1 23. Bxb7 Nc3 24. Re1 Qf5 25. Qxe7 Bf6 26. Qa3 Nxd5 27. Bxd5 Qxd5 28. Qxa7 Ra8 29. Qb6 Bd4 30. Qb3 Qa5 31. Re2 Rc8 32. h3 Qc5 33. Bf4 Qf5 34. Be3 Bxe3 35. Qxe3 Qb1+ 36. Kh2 Rc1 37. Qe8+ Kg7 38. Qe5+ Kg8 39. Qe8+ Kg7 40. Qe5+ Kg8 41. Rb2 Rh1+ 42. Kg3 Qd3+ 43. f3 f6 44. Qc7 Rb1 1-0

[Event "Host Monrad"]
[Site "Tonsberg"]
[Date "2004.10.25"]
[Round "4"]
[White "Urdahl, Fredrik"]
[Black "Syvertsen, Rolf Erik"]
[Result "0-1"]
[WhiteElo "1061"]
[BlackElo "1618"]
[PlyCount "60"]
[EventDate "2004.09.13"]
[EventType "swiss"]
[EventRounds "7"]
[EventCountry "NOR"]
[SourceTitle "EXT 2007"]
[Source "ChessBase"]
[SourceDate "2006.11.23"]
[SourceVersion "1"]
[SourceVersionDate "2006.11.23"]
[SourceQuality "1"]

1. d4 e6 2. e4 d5 3. Nc3 Bb4 4. e5 c5 5. Bb5+ Bd7 6. Bxd7+ Nxd7 7. Nge2 Ne7 8. Qd3 0-0 9. Qb5 Qc7 10. 0-0 a6 11. Qd3 cxd4 12. Qxd4 Bc5 13. Qg4 Nxe5 14. Qh3 N7g6 15. b3 b5 16. Be3 Rac8 17. Bd2 f5 18. Kh1 Ng4 19. Be1 Rf6 20. f3 Ne3 21. Bg3 f4 22. Bh4 Nxh4 23. Qxh4 Nxf1 24. Rxf1 Rh6 25. Qg4 Rf8 26. Nb1 Be3 27. Rd1 Qe7 28. Rd3 Rg6 29. Qh5 Rf5 30. Qh3 Rh6 0-1

[Event "Vestfold KM op"]
[Site "Sandefjord"]
[Date "2004.04.25"]
[Round "5"]
[White "Syvertsen, Rolf Erik"]
[Black "Solberg, Svenn"]
[Result "1-0"]
[WhiteElo "1619"]
[BlackElo "1074"]
[PlyCount "75"]
[EventDate "2004.04.??"]
[EventType "swiss"]
[EventRounds "5"]
[EventCountry "NOR"]
[SourceTitle "EXT 2006"]
[Source "ChessBase"]
[SourceDate "2005.11.24"]
[SourceVersion "1"]
[SourceVersionDate "2005.11.24"]
[SourceQuality "1"]

1. d4 Nf6 2. c4 e6 3. Nf3 d6 4. Nc3 Bd7 5. e4 Nc6 6. Bd3 e5 7. d5 Nd4 8. Nxd4 exd4 9. Ne2 Be7 10. Nxd4 Ng4 11. 0-0 Bh4 12. g3 0-0 13. Be2 Bf6 14. Bxg4 Bxg4 15. Qxg4 Bxd4 16. Rb1 Qf6 17. Qf4 Rfe8 18. Qxf6 Bxf6 19. Re1 Re7 20. f3 Rae8 21. Be3 b6 22. Re2 Rc8 23. Rd2 Rd7 24. Rbd1 c6 25. dxc6 Rxc6 26. b3 Bc3 27. Rd3 Bb4 28. Bf4 Kf8 29. e5 Ke7 30. exd6+ Bxd6 31. Rxd6 Rdxd6 32. Rxd6 Rxd6 33. Bxd6+ Kxd6 34. Kf2 g5 35. Ke3 f5 36. Kd4 h5 37. b4 f4 38. Ke4 1-0

[Event "Vestfold KM op"]
[Site "Sandefjord"]
[Date "2004.04.24"]
[Round "3"]
[White "Horda, Carl Erik"]
[Black "Syvertsen, Rolf Erik"]
[Result "1-0"]
[WhiteElo "1837"]
[BlackElo "1619"]
[PlyCount "163"]
[EventDate "2004.04.??"]
[EventType "swiss"]
[EventRounds "5"]
[EventCountry "NOR"]
[SourceTitle "EXT 2006"]
[Source "ChessBase"]
[SourceDate "2005.11.24"]
[SourceVersion "1"]
[SourceVersionDate "2005.11.24"]
[SourceQuality "1"]

1. d4 e6 2. Nf3 d5 3. c4 Nf6 4. Nc3 c5 5. cxd5 exd5 6. g3 Be7 7. Bg2 0-0 8. 0-0 Nc6 9. dxc5 Bxc5 10. Bg5 Be6 11. Rc1 Be7 12. Qa4 Qb6 13. b3 Rfd8 14. a3 h6 15. Bxf6 Bxf6 16. b4 Rac8 17. Nb1 d4 18. Nbd2 a5 19. Nc4 Bxc4 20. Rxc4 axb4 21. axb4 Ra8 22. Qc2 Qb5 23. Rb1 Qa4 24. b5 Qxc2 25. Rxc2 Ne7 26. Ne1 Nd5 27. Bxd5 Rxd5 28. Nd3 Ra5 29. Rc8+ Kh7 30. Rc5 Rxc5 31. Nxc5 b6 32. Nd3 Kg6 33. g4 Kg5 34. h3 Bd8 35. f4+ Kf6 36. Rb4 Be7 37. Rb2 Bd6 38. Kf2 Ke6 39. Kf3 Kd5 40. h4 f6 41. h5 Ra3 42. Rb1 Bc5 43. Rg1 Be7 44. Rc1 Bc5 45. g5 hxg5 46. fxg5 fxg5 47. Kg4 Ra2 48. Kxg5 Ra7 49. Kg6 Kd6 50. Rf1 Re7 51. Nf4 Bb4 52. Nd3 Bd2 53. Rf8 Rxe2 54. Rd8+ Ke7 55. Rxd4 Bc3 56. Rc4 Rg2+ 57. Kf5 Bf6 58. Nf4 Rg5+ 59. Ke4 Re5+ 60. Kd3 Rxb5 61. Ke4 Re5+ 62. Kf3 Rc5 63. Re4+ Re5 64. Ng6+ Kd6 65. Nxe5 Bxe5 66. Kg4 Kd5 67. Kf5 Bc3 68. Re7 b5 69. Kg6 b4 70. Rc7 Be5 71. Rb7 Kc4 72. Kf5 Bd4 73. Ke4 Bf6 74. Rc7+ Kb3 75. Rc6 Ba1 76. Kd3 Be5 77. Rb6 Bf4 78. Ra6 Kb2 79. Kc4 Bd2 80. Rb6 Ka3 81. Rb7 Ka4 82. Ra7# 1-0